000 00926nam a2200265 a 4500
999 _c2375
_d2375
008 200313s2018 ii adb|g m|||a00| 0 eng d
040 _aKO
_beng
041 0 _aeng
044 _aii
082 0 4 _223
_a378.242
_bIRM1736
100 1 _aAugustus, Bilup C
_eResearcher
245 3 0 _aAn Overview of Jawaharlal Nehru Port Trust (JNPT) :
_bInternship Report /
_cBilup C Augustus ; Guide Dr. Yogamala H. L.
260 _aKochi :
_bIndian Maritime University,
_c2018
300 _a48 p. :
_bill., charts, maps ;
_c29 cm.
490 0 _aMBA Internship 2017-19 ;
_v1705304006
502 _aInternship (MBA)–Indian Maritime University. School of Maritime Management, 2019.
610 2 0 _aJawaharlal Nehru Port Trust
650 0 _aPort au Port Peninsula (N.L.)
650 0 _aHarbors
655 7 _2lcsh
_aDissertations, Academic
_y2018
700 1 _aH. L., Yogamala
_cDr.
_eGuide
904 _aReshma_R
942 _cTH